NFL Players Career Path II - Statistics

General Stats
  • This quiz has been taken 334 times
  • The average score is 7 of 20
Answer Stats
Hint Answer % Correct
Saints (2014-2016)Patriots (2017) Rams (2018-2019) Texans (2020-2022) Cowboys (2023-Current) Brandin Cooks
64%
Buccaneers (2015-2019)Saints (2020-2023) Browns (2024-Current) Jameis Winston
62%
Jets (2018-2020)Panthers (2021-2022) 49ers (2023) Vikings (2024-Current) Sam Darnold
62%
Commanders (2012-2017)Vikings (2018-2023) Falcons (2024-Current) Kirk Cousins
60%
Raiders (2015-2018)Cowboys (2018-2021) Browns (2022-2024) Bills (2024-Current) Amari Cooper
56%
Bengals (2011-2019)Cowboys (2020) Bears (2021) Saints (2022) Panthers (2023-Current) Andy Dalton
56%
Cardinals (2008-2016)
Jaguars (2017-2019) Ravens (2020-2022)
Falcons (2023) Dolphins (2024)
Calais Campbell
53%
Bills (2014-2016)Rams (2017)
Chiefs (2018-2020)
Ravens (2021) Packers (2022) Ravens (2022)
Sammy Watkins
43%
Jaguars (2019-2020)Eagles (2021-2022) Colts (2023) Raiders (2024-Current) Gardner Minshew
31%
Ravens (2011-2014)Bills (2015-2017) Browns (2018) Chargers (2019-2020) Texans (2021) Giants (2022-2023) Jets (2024-Current) Tyrod Taylor
30%
Bills (2017-2019)Raiders (2019-2021) Jaguars (2022-2023) Cardinals (2024-Current) Zay Jones
29%
Broncos (2006-2009)Dolphins (2010-2011) Bears (2012-2014) Jets (2015-2016) Giants (2017) Seahawks (2018) Brandon Marshall
28%
Vikings (2014-2017)Saints (2018-2019) Panthers (2020) Broncos (2021) Dolphins (2022) Lions (2023-Current) Teddy Bridgewater
28%
Chargers (2007-2015)Ravens (2016-2018) Rams (2019-2021) Eric Weddle
26%
Lions (2014-2016)Patriots (2016-2019) Dolphins (2020) Patriots (2021) Chargers (2022) Ravens (2023-Current) Kyle Van Noy
20%
49ers (2009-2014)Raiders (2015-2017) Ravens (2018) Cardinals (2019) Michael Crabtree
19%
Saints (2016-2019)Bengals (2020-2022) Panthers (2023) Bengals (2024-Current) Vonn Bell
14%
Patriots (2013-2016)Browns (2016-2018) Patriots (2019) Lions (2020-2021) Patriots (2021-2022) Jamie Collins
13%
Bears (2016-2019)Rams (2020-2022) Bills (2023) 49ers (2024-Current) Leonard Floyd
13%
Jaguars (2016-2019)Vikings (2020) Ravens (2020) Raiders (2021) Colts (2022) Bears (2023) Ravens (2024) Patriots (2024) Yannick Ngakoue
11%
No matching quizzes found
Score Distribution
Percent of People with Each Score
Percentile by Number Answered
Your Score History
You have not taken this quiz